00403 2200157 4500001002100000008004100021035002000062245003900082100001800121260002800139300002200167020002200189084001400211082000800225990001200233INLIS000000000002788 IND  a0010-0925000135 aKidung Cinta SejaticKirana Kejora aKirana Kejora aJakartabEuthaniac2014 a148c(13 x 19 cm) a978-602-1310-18-2 a813 KIR c a813 a0755010